000 00854 a2200169 4500
003 Nust
005 20230125075039.0
040 _cNust
082 _a822.33,DOR
100 _aDoren,Mark Van
_9107533
245 _aShakespeare /
_cMark Van Doren
260 _aNew York
_bDoubleday
_c1955
300 _a302:p
505 _aIntroduction (Page-1), Poems (Page-1), Henry VI (Page-10), Richard Iii (Page-19 ),Titus Andronicus (Page-28),The Comedy Of Error (Page-33), The Taming Of The Shrew (Page-36),The Merchant Night Dream (Page-79),King John (Page-88), Henry IV (Page-97),Much Ado About Nothing (Page-119),Julius Caesar (Page-152),Hamlet (Page-161),Troilus And Cressida (Page-172),All Well That End Well (Page-178),King Lear (Page-204), The Winter S Tale (Page-271),The Tempest (Page-1),The Henry VIII (Page-289).
650 _aDrama
942 _2ddc
_cBK
999 _c186701
_d186701